000 02535nkm0a2200421 4500
001 RU\NLR\BIBL_A\022760597
005 20260426072946.0
035 _a(NLR Aleph) 022760597
090 _a13693429
_c13693429
100 _a20260426 rusy50
101 0 _arus
102 _aRU
116 _aiiycxx zz ad
135 _acrcn 024anaba
181 0 _ab4
_bxb2e
182 0 _an
200 1 _aЛокомобили для сельского хозяйства и промышленности
_eс перегревом пара и компаунд с конденсацией мощностью до 300 лош. сил
_eакционерн. общество Мальцовских заводов
_eзавод: село Людиново Калужск. губ.
_e[плакат]
203 _aИзображение
_bнеподвижное
_bдвухмерное
_bвизуальное
_cнепосредственное
210 _aС. П-бург [Санкт-Петербург]
_cЛит. Теодор Киббель
_d[между 1896 и 1917]
215 _a1 л.
_cфотомех. печ.
_d77,5х60,2
300 _aНа л. также три двуглавых орла (герб Российской империи) с датами: 1835, 1882, 1896 гг., а также аверсы и реверсы медалей , полученных на выставках
325 _aКопия доступна в Электрон. б-ке РНБ
606 1 _aРекламный плакат русский
_z1868 - 1917
_92200006
_3RU\NLR\AUTH\6601557021
606 1 _aГербы
_jПлакаты
_92228084
_3RU\NLR\AUTH\6601570175
686 _aЩ153(2Р=Рус)53-466
711 0 2 _a"Мальцовские заводы", акционерное общество
_cПетербург
_9429914
_3RU\NLR\AUTH\889966778
712 0 2 _4610
_aКиббель,
_cПетербург
_gТеодор Теодорович,
_hхромолитография и картонажная фабрика
_9430653
_3RU\NLR\AUTH\880382193
852 0 0 _aNLR
_bЭ
_jР.Рус./Торг.2/2
_mЭаф10634
856 0 _uhttps://vivaldi.nlr.ru/la700001823/view
856 1 _uhttps://vivaldi.nlr.ru/la700001823/cover
856 2 _uhttps://vivaldi.nlr.ru/la700001823/text
942 _cVISUAL
980 _aNB
981 1 7 _a(17) Изографические материалы
_b(17) Плакаты